Wireless information highways (Record no. 4182)
[ view plain ]
| 000 -LEADER | |
|---|---|
| fixed length control field | 00742 a2200217 4500 |
| 020 ## - INTERNATIONAL STANDARD BOOK NUMBER | |
| International Standard Book Number | 1591405688 |
| 020 ## - INTERNATIONAL STANDARD BOOK NUMBER | |
| International Standard Book Number | 1591405408 |
| 020 ## - INTERNATIONAL STANDARD BOOK NUMBER | |
| International Standard Book Number | 1591405416 (ebook) |
| 040 ## - CATALOGING SOURCE | |
| Original cataloging agency | DLC |
| Language of cataloging | DLC |
| 082 00 - DEWEY DECIMAL CLASSIFICATION NUMBER | |
| Classification number | 004.6 |
| 245 00 - TITLE STATEMENT | |
| Title | Wireless information highways |
| Statement of responsibility, etc. | Dimitrios Katsaros, Alexandros Nanopoulos and Yannis Manolopoulos, [editors]. |
| 260 ## - PUBLICATION, DISTRIBUTION, ETC. | |
| Place of publication, distribution, etc. | Hershey, PA : |
| Name of publisher, distributor, etc. | IRM Press, |
| Date of publication, distribution, etc. | c2005. |
| 300 ## - PHYSICAL DESCRIPTION | |
| Extent | xvi, 482 p. : |
| Other physical details | ill. ; |
| Dimensions | 27 cm. |
| 650 #0 - SUBJECT ADDED ENTRY--TOPICAL TERM | |
| Topical term or geographic name entry element | Wireless communication systems. |
| 650 #0 - SUBJECT ADDED ENTRY--TOPICAL TERM | |
| Topical term or geographic name entry element | Information superhighway. |
| 700 1# - ADDED ENTRY--PERSONAL NAME | |
| Personal name | Katsaros, Dimitrios. |
| 700 1# - ADDED ENTRY--PERSONAL NAME | |
| Personal name | Nanopoulos, Alexandros. |
| 700 1# - ADDED ENTRY--PERSONAL NAME | |
| Personal name | Manolopoulos, Yannis, |
| Dates associated with a name | 1957- |
| 856 41 - ELECTRONIC LOCATION AND ACCESS | |
| Materials specified | Table of contents |
| Uniform Resource Identifier | <a href="http://www.loc.gov/catdir/toc/ecip051/2004022151.html">http://www.loc.gov/catdir/toc/ecip051/2004022151.html</a> |
| 942 ## - ADDED ENTRY ELEMENTS (KOHA) | |
| Koha item type | Book |
| Call number prefix | 004.6 KAT |
| Source of classification or shelving scheme | |
| Withdrawn status | Lost status | Damaged status | Not for loan | Collection code | Permanent Location | Current Location | Shelving location | Date acquired | Source of acquisition | Cost, normal purchase price | Total Checkouts | Full call number | Barcode | Date last seen | Price effective from | Koha item type |
|---|---|---|---|---|---|---|---|---|---|---|---|---|---|---|---|---|
| Central Library (CL) | Central Library (CL) | First Floor - Data Communication/Network/Architecture | 02/28/2005 | Progressive International Agencies | 5380.45 | 004.6 KAT | seecs005319 | 11/14/2012 | 01/05/2017 | Book |
